Business analytika v praxi

Gespeichert in:
Bibliographische Detailangaben
1. Verfasser: Potančok, Martin
Weitere Verfasser: Pour, Jan, Chramostová, Veronika
Format: Buch
Sprache:Tschechisch
Veröffentlicht: Praha Vysoká škola ekonomická v Praze, Nakladatelství Oeconomica 2020
Ausgabe:1. vydání
Schlagworte:
Tags: Tag hinzufügen
Keine Tags, Fügen Sie das erste Tag hinzu!

MARC

LEADER 00000nam a2200000 4500
001 0303007
005 20241008100200.7
020 |a 978-80-245-2382-8 
041 0 |a cze 
044 |a CZ 
245 1 0 |a Business analytika v praxi  |c Martin Potančok, Jan Pour, Veronika Chramostová 
250 |a 1. vydání 
264 1 |a Praha  |b Vysoká škola ekonomická v Praze, Nakladatelství Oeconomica  |c 2020 
300 |a 203 s. 
610 2 0 |a analýza dát 
610 2 0 |a zber dát 
610 2 0 |a reporting 
610 2 0 |a politika podnikania 
610 2 0 |a podnikanie 
100 1 |a Potančok, Martin 
700 1 |a Pour, Jan 
700 1 |a Chramostová, Veronika